[Event "FIDE World Rapid Team"]
[Site "London ENG"]
[Date "2025.06.13"]
[Round "12.8"]
[White "Fernandez, Daniel Howard"]
[Black "Orozbaev, Eldiyar"]
[Result "1/2-1/2"]
[WhiteElo "2380"]
[BlackElo "2376"]
[EventDate "2025.06.11"]
[Board "1"]

1. Nf3 d5 2. e3 Nf6 3. c4 c6 4. b4 Bg4 5. Bb2 Nbd7 6. d4 e5 7. Qb3 Bxf3 8.
gxf3 Bd6 9. Nd2 O-O 10. Bh3 exd4 11. Bxd4 Qe7 12. Bxd7 Nxd7 13. cxd5 Bxb4
14. Rd1 Nc5 15. Bxc5 Qxc5 16. O-O cxd5 17. Qd3 Qe7 18. Nb3 Rad8 19. f4 Bc5
20. Qf5 g6 21. Qg4 Bb6 22. Qf3 Qe4 23. Kg2 Rfe8 24. Rd2 Qf5 25. Rfd1 Re4
26. Qh3 Qxh3+ 27. Kxh3 d4 28. Kg2 d3 29. Rxd3 Rxd3 30. Rxd3 Ra4 31. Rd2 Kf8
32. Kf3 Ke7 33. Rc2 a5 34. Nd2 Rb4 35. h4 h5 36. Ne4 Bd8 37. f5 gxf5 38.
Ng3 Kd7 39. Rd2+ Kc7 40. Nxh5 Bxh4 41. Ng7 f4 42. exf4 Be7 43. Nf5 Bc5 44.
Ne3 Kc6 45. Ng4 Bd6 46. Ne5+ Kc7 47. Rc2+ Kb8 48. Ke3 f5 49. Rc4 Rb2 50. a4
Rb4 51. Rxb4 Bxb4 52. Kd4 Kc7 53. Kd5 Bd2 54. Ng6 b5 55. axb5 Kb6 56. Kc4
a4 57. Ne7 a3 58. Kb3 Kxb5 59. Nxf5 Bxf4 60. Nd4+ Kb6 61. Kxa3 Bh2 62. Ne2
Kc5 63. Kb3 Kd5 64. Kc3 Ke4 65. Kd2 Kf3 66. Ke1 Be5 67. Kf1 Bb8 68. Ng1+
Kg4 69. Kg2 Ba7 70. f3+ Kf4 71. Ne2+ Kf5 72. Nc3 Bc5 73. Ne4 Ba7 74. Nd6+
Kf4 75. Nc4 Bd4 76. Nd2 Be3 77. Nf1 Bg1 78. Ng3 Ba7 79. Ne2+ Kf5 80. Kg3
Bb8+ 81. f4 Be5 82. Kf3 Bxf4 83. Nxf4 1/2-1/2

[Event "FIDE World Rapid Team"]
[Site "London ENG"]
[Date "2025.06.13"]
[Round "12.8"]
[White "Degenbaev, Aziz"]
[Black "Shearsby, Jude"]
[Result "0-1"]
[WhiteElo "2252"]
[BlackElo "2090"]
[EventDate "2025.06.11"]
[Board "2"]

1. e4 c5 2. Nf3 e6 3. d4 cxd4 4. Nxd4 Nf6 5. Nc3 Nc6 6. a3 Be7 7. Nxc6 bxc6
8. e5 Nd5 9. Qg4 g6 10. Ne4 f5 11. exf6 Nxf6 12. Nxf6+ Bxf6 13. Be2 Qa5+
14. Bd2 Qf5 15. Qxf5 gxf5 16. O-O-O a5 17. h3 d5 18. f4 Ba6 19. Bh5+ Kd7
20. Rde1 Bh4 21. Re3 d4 22. Re5 a4 23. g3 Bf6 24. Ree1 Bc4 25. Bb4 Rab8 26.
Rd1 Rhg8 27. Bc5 d3 28. cxd3 Bxb2+ 29. Kd2 Bd5 30. Rhg1 Rb5 31. Bb4 Bd4 32.
g4 c5 33. Bc3 Bxg1 34. Rxg1 Rb3 35. Ra1 Bf3 36. Be5 fxg4 37. hxg4 Ke7 38.
Rf1 Bb7 39. g5 Rxd3+ 40. Kc1 Be4 41. Be2 Rxa3 42. Rd1 Ra2 43. Bf6+ Kf7 44.
Bh5+ Bg6 45. Rd7+ Ke8 46. Re7+ Kf8 47. Bf3 Rc2+ 48. Kd1 Rf2 49. Bc6 Rxf4
50. Ra7 Be4 51. Be7+ Kf7 52. Bd6+ Kg6 53. Bxf4 Bxc6 54. Ra6 Bd5 55. Kd2 Bb3
56. Be3 Rd8+ 57. Kc3 Rc8 58. Bc1 Rf8 59. Be3 Rf3 60. Kd2 Rf5 61. Kc3 Re5
62. Bd2 Re4 63. Kb2 c4 64. Ra8 Rg4 65. Rg8+ Kf5 66. Rg7 Rh4 67. Rf7+ Ke4
68. Bc3 Rh3 69. Bf6 Rh2+ 70. Ka3 Kd3 71. Rc7 Kc2 72. Bg7 Rh3 73. Kb4 Kb1
74. Rd7 Rd3 75. Re7 Ka2 76. Bc3 Kb1 77. Rxe6 a3 78. Re1+ Kc2 79. Re2+ Kb1
80. Re1+ Bd1 81. Kxc4 Rd7 82. Bd4 Kc2 83. Re3 a2 84. Bf6 Ra7 85. Rc3+ Kd2
86. Rd3+ Ke2 87. Rh3 Bc2 88. Rh2+ Kd1 89. Rh1+ Kd2 90. Rh2+ Kc1 91. Rh1+
Bd1 92. Kd5 Ra5+ 93. Ke6 Ra6+ 94. Kf7 Rxf6+ 95. gxf6 a1=Q 96. Rxh7 Qa7+ 97.
Kg8 Bb3+ 98. f7 Qb7 99. Rg7 Bxf7+ 100. Rxf7 Qd5 101. Kg7 Kd2 102. Re7 Qd6
103. Kf7 Kd3 104. Re6 Qd7+ 105. Kf6 Kd4 106. Re1 Qd6+ 107. Re6 Qf4+ 108.
Kg6 Kd5 109. Re7 Qg4+ 110. Kf6 Kd6 111. Rf7 Qg8 112. Rg7 Qf8+ 113. Rf7 Qh6+
0-1

[Event "FIDE World Rapid Team"]
[Site "London ENG"]
[Date "2025.06.13"]
[Round "12.8"]
[White "Banerjee, Supratit"]
[Black "Zhakshylykov, Erzhan"]
[Result "0-1"]
[WhiteElo "2067"]
[BlackElo "2235"]
[EventDate "2025.06.11"]
[Board "3"]

1. e4 e5 2. Nf3 Nc6 3. Bb5 a6 4. Ba4 Nf6 5. O-O Nxe4 6. Re1 Nc5 7. Bxc6
dxc6 8. Nxe5 Be7 9. d4 Ne6 10. c3 O-O 11. Be3 Bd6 12. f4 f6 13. Nd3 Re8 14.
Nd2 Nf8 15. Qf3 Be6 16. c4 Bf5 17. Nf2 Bb4 18. Rad1 Ne6 19. d5 cxd5 20.
cxd5 Nf8 21. a3 Bd6 22. Nde4 Qd7 23. Bd4 Ng6 24. g3 Rf8 25. Nc5 Bxc5 26.
Bxc5 Rfe8 27. d6 cxd6 28. Qd5+ Be6 29. Qxd6 Qf7 30. Rd3 Bc4 31. Rde3 Rxe3
32. Rxe3 Re8 33. Qd4 Rxe3 34. Qxe3 h6 35. h4 Qd5 36. Bd4 Bb5 37. Qe4 Qf7
38. Bc5 Bc6 39. Qd3 Qe8 40. h5 Nf8 41. Bxf8 Kxf8 42. g4 Qe1+ 43. Qf1 Qe3
44. Qh3 Qxf4 45. Qc3 Qd6 46. Qd3 Qe7 47. Qc3 Qe2 48. Qb4+ Ke8 49. Qc3 Qe6
50. Qd2 Ke7 51. Qb4+ Kf7 52. Qd2 Qe5 53. Qc3 Qxc3 54. bxc3 f5 55. Kh2 fxg4
56. Nxg4 Ke6 57. Kg3 Be8 58. Kh4 Bf7 59. Nf2 Kd5 60. Nd3 a5 61. Kg4 b5 62.
Kh4 Be8 63. Nb2 Ke4 64. Kg4 Bd7+ 65. Kh4 Ke3 66. c4 Kd2 67. cxb5 Bxb5 0-1

[Event "FIDE World Rapid Team"]
[Site "London ENG"]
[Date "2025.06.13"]
[Round "12.8"]
[White "Sharshenbekov, Emir"]
[Black "Badacsonyi, Frankie"]
[Result "1-0"]
[WhiteElo "2265"]
[BlackElo "1947"]
[EventDate "2025.06.11"]
[Board "4"]

1. c4 e6 2. g3 d5 3. Bg2 d4 4. e3 Nc6 5. Nf3 Bc5 6. exd4 Nxd4 7. d3 Ne7 8.
Nc3 O-O 9. O-O Nec6 10. Nxd4 Nxd4 11. Be3 c6 12. Rb1 a5 13. a3 e5 14. b4
axb4 15. axb4 Be7 16. Ne2 Nf5 17. Bc1 Qd6 18. b5 Bd7 19. Nc3 Nd4 20. Be3 f5
21. bxc6 bxc6 22. Na4 Rab8 23. c5 Qc7 24. Bxd4 exd4 25. Re1 Bf6 26. Rb6 Kh8
27. Qb3 f4 28. Rb1 Rbd8 29. Qb4 fxg3 30. hxg3 Be8 31. Re1 Ra8 32. Nb2 Ra2
33. Rb8 Qf7 34. f4 Bd7 35. Rb7 Re8 36. Nc4 Rxe1+ 37. Qxe1 h5 38. Nd6 Rxg2+
39. Kxg2 Qd5+ 40. Ne4 Bg4 41. Kh2 Qa2+ 42. Qf2 Qa3 43. Nxf6 gxf6 44. Qxd4
1-0

[Event "FIDE World Rapid Team"]
[Site "London ENG"]
[Date "2025.06.13"]
[Round "12.8"]
[White "Hng, Mei-En Emmanuelle"]
[Black "Sovetbekova, Nurai"]
[Result "0-1"]
[WhiteElo "1994"]
[BlackElo "1867"]
[EventDate "2025.06.11"]
[Board "5"]

1. Nf3 d5 2. c4 d4 3. e3 c5 4. exd4 cxd4 5. d3 Nc6 6. g3 e5 7. Bg2 Nf6 8.
O-O Bd6 9. Na3 O-O 10. Nc2 h6 11. b4 a6 12. Rb1 Re8 13. Re1 Bg4 14. h3 Bh5
15. g4 Bg6 16. Rb3 Qd7 17. Nd2 b5 18. c5 Bc7 19. a4 bxa4 20. Ra3 Nd5 21.
Qf3 Ncxb4 22. Nxb4 Nxb4 23. c6 Qe6 24. Qd1 Nxd3 25. Rxd3 Bxd3 26. Qxa4 Bb5
27. Qc2 Rac8 28. Nb3 Ba4 29. Nxd4 Bxc2 30. Nxe6 Rxe6 31. Ba3 e4 32. Rc1
Rxc6 33. Bf1 Bf4 34. Ra1 Bd3 35. Bg2 Rb6 36. Bf1 Rb1 37. Rxb1 Bxb1 38. Bb4
Bd3 0-1

[Event "FIDE World Rapid Team"]
[Site "London ENG"]
[Date "2025.06.13"]
[Round "12.8"]
[White "Zhunusbekova, Aimonchok"]
[Black "Jain, Gautam"]
[Result "1-0"]
[WhiteElo "1716"]
[BlackElo "1918"]
[EventDate "2025.06.11"]
[Board "6"]

1. e4 e5 2. Nf3 Nc6 3. Bb5 a6 4. Ba4 Nf6 5. d3 b5 6. Bb3 Be7 7. a4 Bb7 8.
Nc3 b4 9. Nd5 O-O 10. O-O h6 11. a5 Bc5 12. Bd2 Re8 13. Ra4 Nxd5 14. exd5
Nd4 15. Nxd4 Bxd4 16. Rxb4 Rb8 17. c3 Bc5 18. Rg4 Qf6 19. Kh1 d6 20. f4 e4
21. dxe4 Rxe4 22. Bc2 Bxd5 23. b4 Ba7 24. Bxe4 Bxe4 25. Qe2 Re8 26. Qxa6
Bb8 27. Qc4 h5 28. Qb5 c6 29. Qxh5 Bg6 30. Qg5 Qe6 31. f5 Qe2 32. Rg1 Re5
33. Qd8+ Re8 34. Qg5 Re5 35. Bf4 Rxf5 36. Qd8+ Kh7 37. Rh4+ Bh5 38. Qxb8 g5
39. Rxh5+ Qxh5 40. Bxd6 Qe2 41. Qc8 Rf1 42. Bc5 Rf4 43. a6 Rh4 44. a7 g4
1-0

[Event "FIDE World Rapid Team"]
[Site "London ENG"]
[Date "2025.06.13"]
[Round "12.1"]
[White "Skytte, Rasmus"]
[Black "Sagalchik, Gennadij"]
[Result "1/2-1/2"]
[WhiteElo "2412"]
[BlackElo "2434"]
[EventDate "2025.06.11"]
[Board "1"]

1. Nf3 d5 2. g3 Nc6 3. d4 Bg4 4. Bg2 e6 5. O-O Qd7 6. h3 Bh5 7. c4 Nge7 8.
cxd5 exd5 9. Nc3 Bxf3 10. Bxf3 g6 11. Bg2 Bg7 12. e3 Nd8 13. b4 Ne6 14. a4
h5 15. b5 c5 16. bxc6 bxc6 17. Ba3 O-O 18. h4 Rfc8 19. Rc1 Nf5 20. a5 Nd6
21. Bxd6 Qxd6 1/2-1/2

[Event "FIDE World Rapid Team"]
[Site "London ENG"]
[Date "2025.06.13"]
[Round "12.1"]
[White "Atlas, Valery"]
[Black "Kistrup, Nicolai"]
[Result "1-0"]
[WhiteElo "2419"]
[BlackElo "2221"]
[EventDate "2025.06.11"]
[Board "2"]

1. e4 e5 2. Nf3 Nc6 3. Bc4 Nf6 4. d3 Bc5 5. c3 O-O 6. O-O d6 7. Re1 a5 8.
a4 Be6 9. Na3 Ba7 10. b3 h6 11. Nb5 Bb6 12. Ra2 Bg4 13. h3 Bh5 14. g4 Bg6
15. Kg2 Qd7 16. Nh4 Ne7 17. f4 exf4 18. Bxf4 d5 19. exd5 Nfxd5 20. Qd2
Nxf4+ 21. Qxf4 Nd5 22. Qf3 c6 23. Bxd5 cxd5 24. Rae2 Bd8 25. Nf5 Bxf5 26.
Qxf5 Qxf5 27. gxf5 Bf6 28. d4 Rac8 29. Kf3 Bh4 30. Rg1 Rc6 31. Rg4 Bf6 32.
Rgg2 Rfc8 33. Re3 Rd8 34. Ke2 Bg5 35. Rf3 Bf6 36. Kd3 Kf8 37. Re2 Rdc8 38.
Rfe3 Rd8 39. c4 g6 40. c5 Bg5 41. Rf3 gxf5 42. Rxf5 b6 43. Rc2 Rb8 44. Rxd5
f6 45. Rd6 Rxd6 46. cxd6 Ke8 47. Ke4 Rb7 48. Rc8+ Kd7 49. Rg8 Ke6 50. d5+
Kf7 51. Rc8 Rd7 52. Kf5 Be3 53. Rc7 Ke8 54. Ke4 1-0

[Event "FIDE World Rapid Team"]
[Site "London ENG"]
[Date "2025.06.13"]
[Round "12.1"]
[White "Nilssen, Ellen Fredericia"]
[Black "Zlotnik, Boris A"]
[Result "1-0"]
[WhiteElo "2104"]
[BlackElo "2349"]
[EventDate "2025.06.11"]
[Board "3"]

1. d4 Nf6 2. c4 e6 3. Nc3 Bb4 4. e3 O-O 5. Bd2 d5 6. Nf3 b6 7. Rc1 Bb7 8.
cxd5 exd5 9. Bd3 a6 10. O-O Bd6 11. Ne5 c5 12. f4 cxd4 13. exd4 Ne4 14.
Nxe4 dxe4 15. Bc4 Nd7 16. Qb3 Qe7 17. Nxd7 Qxd7 18. Qxb6 Rab8 19. Be3 Bd5
20. Qxa6 Ra8 21. Qb5 Qxb5 22. Bxb5 Rxa2 23. Bc6 Bxc6 24. Rxc6 Rd8 25. Rfc1
f5 26. R1c2 Be7 27. Rc7 Bf6 28. Rb7 h5 29. Rb4 Ra1+ 30. Kf2 h4 31. h3 Kf7
32. Ke2 Ke6 33. Rb6+ Kf7 34. Rb5 Kg6 35. d5 Ra6 36. Rd2 Rd7 37. Bc5 Kh5 38.
Rb6 Rxb6 39. Bxb6 Rb7 40. Ba5 g5 41. d6 Rd7 42. fxg5 Kxg5 43. Bc7 Kf4 44.
b4 Bc3 45. b5 Ke5 46. b6 Ba5 47. b7 Bxc7 48. dxc7 1-0

[Event "FIDE World Rapid Team"]
[Site "London ENG"]
[Date "2025.06.13"]
[Round "12.1"]
[White "Arakhamia-Grant, Ketevan"]
[Black "Skytte, Robert"]
[Result "1/2-1/2"]
[WhiteElo "2267"]
[BlackElo "1846"]
[EventDate "2025.06.11"]
[Board "4"]

1. e4 c5 2. Nf3 Nc6 3. d4 cxd4 4. Nxd4 g6 5. c4 Bg7 6. Nc2 d6 7. Be2 Nh6 8.
O-O f5 9. Nc3 O-O 10. exf5 Nxf5 11. Bd2 Be6 12. Rc1 Ncd4 13. Nxd4 Nxd4 14.
Bd3 Rc8 15. b3 Bf5 16. Be3 Bxd3 17. Qxd3 Nf5 18. Ne4 Nxe3 19. Qxe3 Qa5 20.
a4 Qe5 21. Rfe1 d5 22. cxd5 Rxc1 23. Qxc1 Qxd5 24. Qc2 Rd8 25. g3 Bd4 26.
Rc1 Kg7 27. Re1 Bb6 1/2-1/2

[Event "FIDE World Rapid Team"]
[Site "London ENG"]
[Date "2025.06.13"]
[Round "12.1"]
[White "Derlich, Sarah Sima"]
[Black "Atlas, Dmitry"]
[Result "0-1"]
[WhiteElo "1807"]
[BlackElo "2107"]
[EventDate "2025.06.11"]
[Board "5"]

1. e4 e6 2. d4 d5 3. Nd2 Nf6 4. e5 Nfd7 5. Bd3 c5 6. c3 Nc6 7. Ne2 cxd4 8.
cxd4 f6 9. exf6 Nxf6 10. O-O Bd6 11. Nf3 Qc7 12. Ng3 O-O 13. Re1 Bd7 14. a3
Rae8 15. b4 e5 16. dxe5 Nxe5 17. Bb2 Nxf3+ 18. gxf3 Be5 19. Rc1 Qd6 20.
Bxe5 Rxe5 21. Qb3 Rfe8 22. Red1 Nh5 23. Bf1 Nf4 24. Rd4 Qf6 25. Qc3 h5 26.
Qd2 Rf8 27. Ne2 Qg5+ 28. Kh1 Rxe2 29. Qd1 Rxf2 30. Qe1 Qh4 31. h3 Qg3 0-1

[Event "FIDE World Rapid Team"]
[Site "London ENG"]
[Date "2025.06.13"]
[Round "12.1"]
[White "Mindru, Valeriu"]
[Black "Andries, Leia"]
[Result "0-1"]
[WhiteElo "1840"]
[BlackElo "1708"]
[EventDate "2025.06.11"]
[Board "6"]

1. d4 Nf6 2. Nf3 e6 3. e3 d5 4. Bd3 c5 5. b3 Nc6 6. a3 Bd6 7. Bb2 O-O 8.
Ne5 cxd4 9. exd4 Qc7 10. f4 b6 11. Nd2 Bb7 12. O-O Rac8 13. Qe2 Ne7 14.
Rac1 Ng6 15. g4 Rce8 16. g5 Nd7 17. h4 Ne7 18. Qg4 a6 19. h5 b5 20. g6 Bxe5
21. gxh7+ Kh8 22. dxe5 Nc5 23. f5 exf5 24. Bxf5 Nxf5 25. Rxf5 Bc8 26. e6
fxe6 27. Rg5 e5 28. Qg2 d4 29. h6 gxh6 30. Rg6 Qxh7 31. Re1 Rg8 32. Rxe5
Rxe5 33. Rxg8+ Qxg8 34. Bxd4 Qxg2+ 35. Kxg2 Nd7 36. Nf3 Bb7 37. Kg3 Bxf3
38. Kxf3 Kg8 39. Bxe5 Nxe5+ 40. Kf4 Nc6 41. Kf5 Kf7 0-1

[Event "FIDE World Rapid Team"]
[Site "London ENG"]
[Date "2025.06.13"]
[Round "12.2"]
[White "Momunaliev, Ruslan"]
[Black "Ragnarsson, Dagur"]
[Result "1/2-1/2"]
[WhiteElo "2070"]
[BlackElo "2350"]
[EventDate "2025.06.11"]
[Board "1"]

1. e4 e5 2. Nf3 Nf6 3. d4 Nxe4 4. Bd3 d5 5. Nxe5 Bd6 6. O-O O-O 7. c4 c5 8.
cxd5 Nf6 9. Bg5 cxd4 10. Nf3 h6 11. Bh4 Bg4 12. h3 Bxf3 13. Qxf3 Nbd7 14.
Nd2 Ne5 15. Qf5 Nxd3 16. Qxd3 Be7 17. Qxd4 Nxd5 18. Bxe7 Nxe7 19. Nf3 Qxd4
20. Nxd4 Rfd8 21. Rfe1 Kf8 22. Rad1 Rd5 23. Nc2 Rad8 24. Ne3 Rxd1 25. Rxd1
Rxd1+ 26. Nxd1 Nd5 27. g3 Ke7 28. f4 Kd6 29. Kf2 Kc5 30. Ke2 Kd4 31. Nf2 a5
32. Nd3 Nb4 33. Ne5 f6 34. Nf3+ Kd5 35. a3 Na6 36. Ke3 Nc5 37. Nd2 b5 38.
b3 f5 39. b4 axb4 40. axb4 Na6 41. Nf3 Kc4 42. Nh4 Kxb4 43. Nxf5 Kc3 44.
Nd4 b4 45. Ne2+ Kc4 46. g4 b3 47. Kd2 Nc5 48. Nc3 Kd4 49. Ne2+ Ke4 50. f5
h5 51. Ng3+ Kd4 52. f6 gxf6 53. gxh5 Ne6 54. h6 Nf8 55. h4 Nh7 56. Ne2+ Kc4
57. Nf4 Kb4 58. Kc1 Kc3 59. Nd5+ Kd4 60. Nf4 Ke4 61. Nh5 f5 62. Ng3+ Kf4
63. Nxf5 Kxf5 64. Kb2 Kg6 65. Kxb3 Kxh6 66. h5 Kxh5 1/2-1/2

[Event "FIDE World Rapid Team"]
[Site "London ENG"]
[Date "2025.06.13"]
[Round "12.2"]
[White "Delaney, Killian"]
[Black "Kurbanbaev, Zalkar"]
[Result "1-0"]
[WhiteElo "2177"]
[BlackElo "1848"]
[EventDate "2025.06.11"]
[Board "2"]

1. d4 Nf6 2. g4 Nxg4 3. e4 d6 4. Be2 Nf6 5. Nc3 g6 6. h4 h5 7. Bg5 Bg7 8.
Qd2 Nc6 9. O-O-O Ng4 10. Bb5 O-O 11. f3 Nxd4 12. fxg4 Nxb5 13. Nxb5 Bxg4
14. Rf1 c6 15. Nc3 Kh7 16. Nf3 b5 17. Ne2 b4 18. Be3 Qa5 19. Kb1 d5 20. Bd4
Bxf3 21. Bxg7 Kxg7 22. Rxf3 e5 23. Ng3 f6 24. Rg1 Qc5 25. Nxh5+ Kh7 26.
Rfg3 1-0

[Event "FIDE World Rapid Team"]
[Site "London ENG"]
[Date "2025.06.13"]
[Round "12.2"]
[White "Beknazarov, Emir"]
[Black "Vincent, Trevor"]
[Result "1-0"]
[WhiteElo "1870"]
[BlackElo "2226"]
[EventDate "2025.06.11"]
[Board "3"]

1. e4 e5 2. Nc3 Nf6 3. f4 d5 4. fxe5 Nxe4 5. Qf3 f5 6. d3 Nxc3 7. bxc3 d4
8. Bd2 Nc6 9. Qg3 Qd5 10. Nf3 dxc3 11. Bxc3 Nb4 12. Kd2 Nxa2 13. Rxa2 Qxa2
14. Be2 Qf7 15. e6 Qg6 16. Qxc7 Qh6+ 17. Kd1 Qxe6 18. Ng5 Qd7 19. Bh5+ g6
20. Re1+ Be7 21. Rxe7+ Qxe7 22. Qf4 gxh5 23. Bxh8 Bd7 24. Nf3 O-O-O 25. Bd4
Qb4 26. Qg5 Qa5 27. Ne5 Qd5 28. Qf4 Qxg2 29. Bxa7 Qh1+ 30. Kd2 Qd5 31. Nc4
Qg2+ 32. Kc1 1-0

[Event "FIDE World Rapid Team"]
[Site "London ENG"]
[Date "2025.06.13"]
[Round "12.2"]
[White "Garcia Martin, Marta"]
[Black "Keneshbekov, Elim"]
[Result "1-0"]
[WhiteElo "2262"]
[BlackElo "1832"]
[EventDate "2025.06.11"]
[Board "4"]

1. e4 c5 2. Nf3 d6 3. Bb5+ Nd7 4. O-O Nf6 5. Re1 e5 6. c3 Be7 7. d4 O-O 8.
d5 h6 9. a4 a6 10. Bd3 b6 11. Nbd2 Re8 12. Nf1 Nf8 13. Ne3 Ng6 14. Qc2 Bd7
15. Nc4 Bg4 16. Ncd2 Nf4 17. Bf1 Bf8 18. h3 Bd7 19. Nc4 N6h5 20. a5 b5 21.
Nb6 Ra7 22. Be3 Rc7 23. Rad1 Qf6 24. Nh2 Qg6 25. Kh1 Nf6 26. Bc1 Bc8 27. g3
N4h5 28. Nxc8 Rcxc8 29. Qe2 Be7 30. Bg2 Rf8 31. Bf3 Rce8 32. Bd2 Bd8 33. b4
c4 34. Rg1 Bc7 35. Rde1 Re7 36. Rgf1 Rfe8 37. Be3 Bb8 38. Ng4 Ba7 39. Bxa7
Rxa7 40. Ne3 Rd7 41. Kh2 Qg5 42. h4 Qg6 43. Nf5 Rf8 44. Rg1 Rb8 45. Ref1
Re8 46. Kh3 Rb8 47. Kh2 Re8 48. Ne3 Rdd8 49. Bg2 Nf4 50. gxf4 exf4 51. Bf3
1-0

[Event "FIDE World Rapid Team"]
[Site "London ENG"]
[Date "2025.06.13"]
[Round "12.2"]
[White "Sezdbekova, Aizhan"]
[Black "Stojsin, Nikola"]
[Result "0-1"]
[WhiteElo "1793"]
[BlackElo "1789"]
[EventDate "2025.06.11"]
[Board "5"]

1. e4 e5 2. Nf3 Nc6 3. Bc4 Nf6 4. d3 Bc5 5. c3 a6 6. b4 Ba7 7. Nbd2 d6 8.
O-O h6 9. h3 g5 10. Nh2 h5 11. Kh1 g4 12. h4 Be6 13. Bb3 d5 14. Qe2 d4 15.
Bb2 Qd7 16. Nc4 O-O-O 17. Rfd1 g3 18. fxg3 Ng4 19. Nf3 dxc3 20. Bxc3 Nf2+
21. Kh2 Nxd1 22. Rxd1 f6 23. a4 Bg4 24. b5 axb5 25. axb5 Nd4 26. Bxd4 Bxd4
27. b6 cxb6 28. Qa2 Bxf3 29. gxf3 Kc7 30. Rc1 Bc5 31. Ne3 Ra8 32. Nd5+ Kb8
33. Qc2 Qd6 34. Bc4 Ra3 35. Rb1 Ka7 36. Nc3 Rxc3 37. Qxc3 Qd4 38. Qxd4 Bxd4
39. Kh3 Kb8 40. g4 Kc7 41. Bf7 hxg4+ 42. fxg4 Kc6 43. h5 Be3 44. Bd5+ Kd6
45. Bxb7 Rb8 46. Ba6 Kc5 47. Rb5+ Kd6 48. Rd5+ Ke6 49. Bc4 Ke7 50. Kg2 b5
51. Bxb5 Rb7 52. Kf3 Bf4 53. Bc6 Rb1 54. Rd7+ Ke6 55. Rg7 Rf1+ 56. Ke2 Rh1
57. Rb7 Rh2+ 58. Ke1 Kd6 59. Bb5 Kc5 60. Bc4 Kd4 61. Kf1 Ke3 62. Rb3 Kf3
63. Kg1 Rh4 64. d4+ Be3+ 65. Rxe3+ Kxe3 66. dxe5 Rxg4+ 67. Kf1 Rxe4 68. e6
Rxc4 69. h6 Rc8 0-1

[Event "FIDE World Rapid Team"]
[Site "London ENG"]
[Date "2025.06.13"]
[Round "12.2"]
[White "Grose, Kameron"]
[Black "Mukanov, Iskender"]
[Result "1-0"]
[WhiteElo "1813"]
[BlackElo "1600"]
[EventDate "2025.06.11"]
[Board "6"]

1. e4 c5 2. Nf3 e6 3. d4 cxd4 4. Nxd4 Nf6 5. Nc3 Nc6 6. Nxc6 bxc6 7. e5 Nd5
8. Ne4 Qc7 9. f4 Qb6 10. c4 Bb4+ 11. Ke2 Ba6 12. Kf3 Ne7 13. c5 Qa5 14.
Bxa6 Qxa6 15. Be3 Nd5 16. a3 Nxe3 17. Kxe3 Ba5 18. Qd3 Qxd3+ 19. Kxd3 Bc7
20. g4 a5 21. b4 Ke7 22. g5 Rhb8 23. Kc4 Ra7 24. Rhb1 Rab7 25. Rb3 a4 26.
Rb2 Rh8 27. Rg1 Rbb8 28. Rbg2 Rbg8 29. Kd4 g6 30. Nf6 Rb8 31. Kc4 Rb7 32.
Rd2 Bb8 33. Rgd1 Rd8 34. Nxh7 Rh8 35. Nf6 Rd8 36. h4 Ba7 37. h5 gxh5 38.
Rh1 Rh8 39. Rxh5 Rxh5 40. Nxh5 Rb8 41. Nf6 Rd8 42. Rh2 Bb8 43. Rh7 Kf8 44.
Kd4 Ba7 45. Ke4 Bb8 46. Kf3 Bc7 47. Kg4 Bb8 48. g6 fxg6 49. Kg5 d6 50. Kxg6
d5 51. Rf7# 1-0

[Event "FIDE World Rapid Team"]
[Site "London ENG"]
[Date "2025.06.13"]
[Round "12.3"]
[White "Gallana, Marco"]
[Black "O`gorman, Tom"]
[Result "0-1"]
[WhiteElo "2232"]
[BlackElo "2257"]
[EventDate "2025.06.11"]
[Board "1"]

1. Nf3 d5 2. e3 Nf6 3. c4 e6 4. b3 Bd6 5. Bb2 O-O 6. Nc3 Re8 7. d4 b6 8.
cxd5 exd5 9. Bd3 Bb7 10. O-O Nbd7 11. Rc1 a6 12. Ne2 Ne4 13. Ng3 Qf6 14.
Qc2 g6 15. Rfd1 h5 16. Bxe4 dxe4 17. d5 Qe7 18. Qc3 f6 19. Nd4 h4 20. Nge2
Qe5 21. g3 Bxd5 22. Nf4 Bf7 23. Qc2 Qg5 24. Nc6 Qg4 25. h3 Qg5 26. g4 Nc5
27. b4 Nd7 28. Rd4 f5 29. Qd2 Ne5 30. Nxe5 Bxe5 31. Rd7 fxg4 32. Bxe5 Rxe5
33. Rcxc7 Rf5 34. Rxf7 Rxf7 35. Rxf7 gxh3+ 36. Kh2 Kxf7 37. Qd7+ Kg8 38.
Qe6+ Kh8 39. Qxe4 Rg8 40. Nxh3 Qf6 41. Nf4 g5 42. Nd5 Qxf2+ 43. Kh1 Qe1+
44. Kh2 Qd2+ 45. Kh1 Qc1+ 46. Kh2 Qb2+ 47. Kh1 Qa1+ 48. Kh2 Qxa2+ 49. Kh1
Qa1+ 50. Kh2 Qb2+ 51. Kh1 Rc8 0-1

[Event "FIDE World Rapid Team"]
[Site "London ENG"]
[Date "2025.06.13"]
[Round "12.3"]
[White "Goh, Jinghan Cameron"]
[Black "Villiers, Thomas"]
[Result "0-1"]
[WhiteElo "1992"]
[BlackElo "2108"]
[EventDate "2025.06.11"]
[Board "2"]

1. d4 d5 2. c4 c6 3. Nf3 Nf6 4. g3 Bf5 5. Nc3 dxc4 6. Bg2 e6 7. O-O h6 8.
Ne5 Nbd7 9. Nxc4 Be7 10. e4 Bg6 11. d5 cxd5 12. exd5 exd5 13. Nxd5 Nxd5 14.
Qxd5 Nc5 15. Ne5 Qxd5 16. Bxd5 Rd8 17. Nxg6 fxg6 18. Bc4 Bf6 19. Re1+ Kd7
20. Be3 b6 21. Rad1+ Kc6 22. b4 Na4 23. b5+ Kb7 24. Bd5+ Kc8 25. Rd3 Rhe8
26. Rc1+ Kb8 27. Rc6 g5 28. Bc4 Rxd3 29. Bxd3 Nc3 30. Bd2 Ne2+ 31. Kg2 Rd8
32. Bxe2 Rxd2 33. Re6 Rxa2 34. Kf3 Kc7 35. Kg4 Kd7 36. Re4 g6 37. Kf3 h5
38. h3 Kd6 39. g4 Be5 40. Kg2 0-1

[Event "FIDE World Rapid Team"]
[Site "London ENG"]
[Date "2025.06.13"]
[Round "12.3"]
[White "Hill, Alistair"]
[Black "Gallagher, Daniel Gh"]
[Result "1/2-1/2"]
[WhiteElo "2095"]
[BlackElo "2063"]
[EventDate "2025.06.11"]
[Board "3"]

1. d4 Nf6 2. c4 g6 3. Nc3 Bg7 4. e4 d6 5. Nf3 O-O 6. Be2 e5 7. O-O Nc6 8.
d5 Ne7 9. b4 Nh5 10. Re1 a5 11. bxa5 Rxa5 12. Nd2 Nf4 13. Bf1 c5 14. a4 Nh5
15. Nb5 Nf6 16. Bb2 Ne8 17. Qb3 f5 18. Bc3 Ra6 19. exf5 Nxf5 20. Ne4 Nf6
21. Ng5 Ng4 22. Ne4 Qh4 23. h3 Nxf2 24. Nxf2 Qxf2+ 25. Kxf2 Nd4+ 26. Kg1
Nxb3 27. Ra3 Nd4 28. Bxd4 cxd4 29. a5 Bf5 30. Nc7 Ra7 31. Nb5 Ra6 32. Nc7
Ra7 1/2-1/2

[Event "FIDE World Rapid Team"]
[Site "London ENG"]
[Date "2025.06.13"]
[Round "12.3"]
[White "Rushbrooke, Remy"]
[Black "Hanache, Kai"]
[Result "0-1"]
[WhiteElo "2055"]
[BlackElo "2018"]
[EventDate "2025.06.11"]
[Board "4"]

1. Nf3 Nf6 2. g3 g6 3. Bg2 Bg7 4. d4 d5 5. O-O O-O 6. c4 c6 7. cxd5 cxd5 8.
Nc3 Nc6 9. Ne5 Bf5 10. Nxc6 bxc6 11. Bf4 Nd7 12. Rc1 Rc8 13. Na4 e5 14. Be3
Qa5 15. b3 Rfe8 16. h3 exd4 17. Bxd4 Bxd4 18. Qxd4 Rxe2 19. Rfd1 Nb6 20. g4
Bc2 21. Nxb6 axb6 22. Rf1 Qxa2 23. Ra1 Qxb3 24. Ra7 Re6 25. Rc1 Be4 26. f3
c5 27. Qd2 Bd3 28. Rc3 Qb1+ 29. Kh2 Re2 30. Qxd3 Qf1 31. Kg3 Qxg2+ 32. Kh4
Qf2+ 33. Kg5 h6+ 0-1